000 00638nam a2200241Ia 4500
003 OSt
005 20221007101215.0
006 a|||||r|||| 00| 0
007 ta
008 221006b |||||||| |||| 00| 0 eng d
024 _a6,036
037 _cTextual
040 _aLCO
_cLCO
_beng
041 _2eng
_aeng
082 _aZ3,5t, K3
100 _aH. M. S. O.
_9702719
245 0 _aNon-residential treatment of offenders under21.
260 _aLondon
_bH. M. S. O.
_c1962
300 _a23
650 _aNON- RESIDENTIAL TREATMENT
_9702720
942 _hZ3,5t, K3
_cTEXL
999 _c1175599
_d1175599